LEADER 00546nam a2200193 i 4500 001 000000148637 003 CaOOAMICUS 005 20200206142956.0 008 060313n it u000 u ita u 013 $a125953 040 $aSeMil$bita 245 10$a2. 300 $aP. 367-745. 773 0 $tToscana.$z88-7107-076-3$w()15512 850 $aSeMil 852 $aSeMil$W1$xVenegono$y1$m3Y IV 45/2$j259332$B101001$CSeMilBibl$Z2$F109704 $81 961 $aAcquisto: Distributore 996 $6245$a2$9(OLS)http://semarc/title/46889 LEADER 01135nam a2200265 4500 001 000000331567 003 CaOOAMICUS 005 20181210110033.0 008 181207s2002 it 000 u ita r 020 $a88-7770-602-3 040 $aSeMil$bita 100 1 $aMarafioti, Domenico .$0(OLS)http://semarc/name/16830 245 10$aGiustizia e letteratura /$cDomenico Marafioti ; postfazione di Enzo Nasso. 264 1$aMilano :$bSpirali,$c2002. 300 $a209 p. ;$c22 cm 490 1 $aL'alingua ;$v185 650 4$aGiustizia nella letteratura - Sec. 19.-20.$0(OLS)http://semarc/subject/47952 700 1 $aNasso, Enzo,$eautore di postfazione/colophon.$0(OLS)http://semarc/name/108643 830 3$aL'alingua ;$v185.$0(OLS)http://semarc/title/420295 850 $aSeMil 852 $aSeMil$W1$xVenegono$y1$m1O VI 210$j210795$B224574$CSeMilBibl$Z2$F224574 $81 996 $6020$a88-7770-602-3$9(OLS)http://semarc/number/285814 996 $6245$aGiustizia e letteratura$9(OLS)http://semarc/title/420294 996 $6264$aMilano :$bSpirali$9(OLS)http://semarc/publisher/32251